000 01112naa a22002897a 4500
001 BR7502946
003 BR-BrBNA
005 20240918173736.0
007 ta
008 230509b bl.||||| |||| 00| 0 por d
040 _aBR-BrBNA
_bpor
_cBiblioteca Nacional de Agricultura
041 _a(Pt)
072 _aQ20
090 _aQ20 BR7502946
100 1 _aLima, U. de A.
245 1 _aProducao de solventes [Microbiologia industrial, fermentacao]
260 3 _aSao Paulo, SP (Brasil):
_bEd. Edgard Blucher,
_c1975.
500 _aLima, U. de A.; Aquarone, E.; Borzani, W. (eds.) Biotecnologia. Tecnologia das Fermentacoes v. 1 Sao Paulo, SP (Brasil): Ed. Edgard Blucher, 1975. p. 88-100 (BR7502946-AM)Q20
650 _aMICROBIOLOGIA DE ALIMENTO
650 _aSOLVENTE ORGANICO
650 _aACETONA
650 _aFERMENTACAO
650 _aMICROBIOLOGIA INDUSTRIAL
773 0 _tBiotecnologia. Tecnologia das Fermentacoes v. 1
_aLima, U. de A.; Aquarone, E.; Borzani, W. (eds.)
_wQ20 BR7502946
_gSao Paulo, SP (Brasil), 1975. p. 88-100
909 _a202404
_bLucia
_c55
_dLucia Elande
942 _cAM
_2AGRIS
999 _c306581
_d306581